000
00213 a2200097 4500
001
3362
100
_a
Noakes, G.R
245
_a
Serv textbook electrical fundamentals
260
_a
_b
H.M.S
_c
090
_c
2639
_d
2639
942
_a
NUST-CAE
_c
M
_c
18213
999
_c
238435
_d
238435